Systém bukvíc a číslova Slovienorusov-Rusínov

Bibliographic Details
Main Author: Laubert, Vladimír, 1961- (Author)
Other Authors: Rychel, Vladimír, Tihanyi, Marián, Mečár, Radoslav (Illustrator, Bookjacket designer)
Format: Book
Language:Slovak
Slavic languages
PhysicalDescription:446 strán faksimile, ilustrácie, mapy, tabuľky 22 cm
Published: [Poprad] Tartaria [2025]
ISBN:9788097506803
Subjects:

MARC

LEADER 00000cam a2200000 4500
001 vtls012287312
003 SK-MaSNL
005 20260302030235.0
008 251114s2022 xo hab fr 000 0 slo
015 |a SNBA2026/1 
020 |a 9788097506803  |q (viazané) 
040 |a SNK  |b slo  |c SNK  |e rda 
041 0 |a slo  |a sla 
044 |a xo  |c SK 
072 7 |a 003  |x Systémy písania a písma  |2 konspekt 
080 |a (=16)  |2 2011 
080 |a 003.21  |2 2011 
080 |a 323.26/.27+327.88  |2 2011 
080 |a (048.8)  |2 2011 
100 1 |a Laubert, Vladimír,  |d 1961-  |4 aut  |9 208853 
245 1 0 |a Systém bukvíc a číslova Slovienorusov-Rusínov  |c Vladimír Laubert. Staroslovienska bukvica / Vladimír Rychel. Matrica bukvíc / Marián Tihanyi 
264 1 |a [Poprad]  |b Tartaria  |c [2025] 
300 |a 446 strán  |b faksimile, ilustrácie, mapy, tabuľky  |c 22 cm 
336 |a text  |b txt  |2 rdacontent 
336 |a statický obraz  |b sti  |2 rdacontent 
337 |a bez média  |b n  |2 rdamedia 
338 |a zväzok  |b nc  |2 rdacarrier 
500 |a Miesto a rok vydania podľa NA ISBN 
500 |a Obsahuje tri diela od rôznych autorov 
546 |a Čiastočne text písaný bukvicou 
650 0 7 |a Slovania  |2 SNKPH  |9 18587 
650 0 7 |a Slavs  |2 SNKPHeng  |9 297567 
650 0 7 |a obrázkové písmo  |2 SNKPH  |9 49735 
650 0 7 |a Picture-writing  |2 SNKPHeng  |9 350301 
650 0 7 |a konšpiračné teórie  |2 SNKPH  |9 100906 
650 0 7 |a Conspiracy theories  |2 SNKPHeng  |9 313601 
655 7 |a monografie  |2 SNKPH  |9 70139 
655 7 |a Monographs  |2 SNKPHeng  |9 120675 
700 1 2 |a Rychel, Vladimír  |t Staroslovienska bukvica - kaligrafia  |9 676743 
700 1 2 |a Tihanyi, Marián  |t Matrica bukvíc  |9 676744 
700 1 |a Mečár, Radoslav  |4 ill  |4 bjd  |9 676745 
852 |a Slovenská národná knižnica 
919 |a 978-80-975068-0-3 
954 |a iná literatúra (príručky, kuchárske knihy, hobby literatúra, sprievodcovia) pôvodná (slovenská)  |2 lita 
999 |c 1046637  |d 1048567 
952 |a SNK  |b SNK  |y PREZ  |7 0  |p 17A1577563  |o snkSC 212457  |i snk2025/18422  |8 0  |0 0  |1 0  |4 0  |d 2025-11-14  |l 0  |r 2026-02-24 14:42:52  |w 2026-02-24 
952 |a SNK  |b SNK  |y VYP  |7 0  |p 17A1577564  |o snkSC 212457 D1  |i snk2025/18423  |8 0  |0 0  |1 0  |4 0  |d 2025-11-14  |l 0  |r 2026-02-24 14:42:52  |w 2026-02-24